UM Logo
Normal view MARC view
  • Three-port converter (TPC).

Entry Topical Term

Number of records used in: 1

001 - CONTROL NUMBER

  • control field: 67197

003 - CONTROL NUMBER IDENTIFIER

  • control field: OSt

005 - DATE AND TIME OF LATEST TRANSACTION

  • control field: 20250902153916.0

008 - FIXED-LENGTH DATA ELEMENTS

  • fixed length control field: 250902|| aca||babn | a|a d

040 ## - CATALOGING SOURCE

  • Original cataloging agency: OSt

150 ## - HEADING--TOPICAL TERM

  • Topical term or geographic name entry element: Three-port converter (TPC).